MDQL
is popping MORE tags! Check the
thread
!
Quizzes
Events
Quiz Creation
Community
Videos
Private Events
Remove Ads
Sign In
Join for FREE
Feedback
Dark Mode
Quiz Categories
Sports
Geography
Music
Movies
Television
Just For Fun
Miscellaneous
History
Literature
Language
Science
Gaming
Entertainment
Religion
Holiday
For Kids
Quiz Lab
Recent
Popular Today
Quiz Kudos Today
Editor Picks
Curator Picks
Quizzes by...
Day
Popularity
Type
Ratings
Length
Year
Community
Subscriptions
Recent Discussions
Orange Saloon
Badges
Playlists
Quests
Create
Leaderboards
Showdown
Live 5
Trivia Bingo
Activity
Puzzle Library
Sporcle Events
Private Events
Virtual Trivia
Globe League
Become a Host
Pub Owners
SporcleCon
Opinionation
Our Games
Videos
Blog
Mobile Apps
Partnerships
Remove Ads and Go Orange
Feedback
Television
TV Characters
TV Show
Sitcom
Network
Friends
Reality Shows
Cast
South Park
Star Trek
The Simpsons
Doctor Who
Television
TV Characters
TV Show
Sitcom
Network
Friends
Reality Shows
Cast
South Park
Star Trek
The Simpsons
Doctor Who
Random Quiz
Search Sporcle
×
Quiz Lab
Quiz Lab
Television
This or That
Type in answers that appear in a list
Type in answers that appear in a list
Classic
Best Score? Go Orange.
The Walking Dead: Which Version Lived Longer? Stats
Can you pick which version of The Walking Dead character made it further into the overall story?
By
XPeaceChill
10m
27 Questions
503 Plays
503 Plays
503 Plays
Comments
Comments
Give Quiz Kudos
Give Quiz Kudos
-
- Ratings
hide this ad
Forced Order
Answers have to be entered in order
Answers have to be entered in order
Wrong Answers
Some wrong answers will appear in red
Some wrong answers will appear in red
Random Order
Randomize order of answers
Randomize order of answers
Replay
Link that replays current quiz
Next Quiz
Link to next quiz in quiz playlist
You Got
0%
They Got
Avg Score
53%
Avg Friend Score
Upgrade to see
Score Distribution
Jump to the score distribution portion of the page
Score
0/27
Timer
10:00
0
Plays Today
Character
Comic or Show?
% Correct
Judith Grimes
???
87.5%
Carol
???
86.9%
Abraham Ford
???
85.7%
Lori Grimes
???
82.1%
Morgan Jones
???
80.3%
Sophia
???
79.9%
Andrea
???
78.1%
Ezekiel
???
77.7%
Rosita Espinosa
???
76.5%
Dale
???
73.4%
Carl Grimes
???
73%
Otis
???
72.2%
Tyreese
???
69%
Glenn
???
68.9%
Character
Comic or Show?
% Correct
Shane
???
66.6%
Tobin
???
66%
Patricia
???
65.4%
Caesar Martinez
???
64.4%
Denise Cloyd
???
63.2%
Jesus
???
59.9%
Nicholas
???
58.1%
Dante
???
56.8%
Olivia
???
56.5%
Eric
???
51.9%
Richard
???
50.6%
Earl Sutton
???
50%
Siddiq
???
47.5%
Quiz Playlist
Details
Report
Send in Message
Add To Playlist
Classic:
Type in answers that appear in a list
Forced Order:
Answers have to be entered in order
Wrong Answers:
Some wrong answers will appear in red
Random Order:
Randomize order of answers
Last Updated: Mar 29, 2020
Quiz Scoreboard
CHALLENGE
Sign Up to Join the Scoreboard
Show All
Scores
Hide
Comments
May contain spoilers
Recently Published
Holiday 10x10 Sorting Gallery
by lukepisani3
Holiday
15m
Two Season TV Shows II
by 123Four
Television
10m
Image Sorting: Flags VI
by Barbecue
Geography
2m
More to Explore
Quiz From the Vault
Featured Blog Post
14 Easter Pick-up Lines to Find Eggs With
hide this ad
You Might Also Like...
Tags
Comic Books Quiz
This or That Quiz
Character
Comic Character
The Walking Dead
Trivia
Zombies
Today's Top Quizzes in Television
Browse Television
hide this ad
Today's Top Quizzes in This or That
Browse This or That
Top Contributed Quizzes in Television
1
Survivor Journey Challenge
2
Even More Two Season TV Shows
3
Adjectives in 00s TV Shows
4
Even More Three Season TV Shows
5
Survivor Logic Puzzle: Heroes vs. Villains
6
Adjectives in 10s TV Shows
7
One Season TV Shows
8
One Piece Logic Puzzle
9
Brooklyn Nine Nine Logic Puzzle (How-To-Play)
10
Click the SpongeBob Episodes (Season 3)
Explore More
Trending Topics
Disney
NBA
Harry Potter
Marvel
Crossword
Anime
Kpop
Country
Song
Soccer
Puzzle
WWE
NFL
Pokémon
The Office
hide this ad
More By:
XPeaceChill
Quiz
Plays
Rating
Category
Featured
Created
Stardew Valley Villagers
10,817
4.85
Gaming
Apr 26, 2016
The Ending of The Great Gatsby
7,372
4.57
Literature
Apr 26, 2013
Survivor Item Match
6,008
4.61
Television
Jun 1, 2016
Gorillaz Clint Eastwood Lyrics
5,426
4.23
Music
Sep 13, 2013
Gorillaz Songs
4,652
4.94
Music
Jan 26, 2013
Go to Creator's Profile
Score Distribution
Quiz Creator Spotlight
XPeaceChill
Follow
Send a Message
Quizzes Created
-
Created Quiz Play Count
-
More By This Creator
Popular Quizzes Today
1
Find the US States - No Outlines Minefield
2
Colored Red Africa Blitz
3
Find the 'City' Movie
4
The Countries of the World
5
5x2 Blitz: Bands
6
Find the US States
7
Find the Countries of Europe - No Outlines Minefield
8
US States
More Television Quizzes
100 TV Shows by Monster
Editor's Pick
Trending Quizzes
Colored Red Europe Blitz I
Colored Red Europe Blitz II
Colored Red Africa Blitz II
Colored Red Europe Blitz III
Colored Red Africa Blitz III
Recently Updated
Odd Team Out - Big 4 Players
pecheneg
Quick Pick: 20 Twenties
pecheneg
March Madness Men's Triple Doubles
pecheneg
How Do You Spell That?
pecheneg
Godzilla Movies
pecheneg
Grab Bag: 4-10 Letters
pecheneg
2024 March Madness Bracket
pecheneg
Famous TV Couples
Peacemaker
Champions League XIs: Real Madrid
pecheneg
Largest US Cities 1790-2010
pecheneg
Trending Topics
Harry Potter
Kpop
Crossword
Disney
Anime
Marvel
NBA
Soccer
The Office
NFL
Country
Song
Puzzle
WWE
Pokémon
Your Account Isn't Verified!
In order to create a playlist on Sporcle, you need to verify the email address you used during registration. Go to your
Sporcle Settings
to finish the process.
Report this User
Report this user for behavior that violates our
Community Guidelines
.
Details:
Send Report
Go to the Sporcle.com Mobile Site →
Comments